WEB OF LIFE A NEW SYNTHESIS OF MIND AND (Record no. 18749)
[ view plain ]
| 000 -LEADER | |
|---|---|
| fixed length control field | 00350nam a2200133Ia 4500 |
| 008 - FIXED-LENGTH DATA ELEMENTS--GENERAL INFORMATION | |
| fixed length control field | 240624s9999 xx 000 0 und d |
| 041 ## - LANGUAGE CODE | |
| Language code of text/sound track or separate title | eng |
| 082 ## - DEWEY DECIMAL CLASSIFICATION NUMBER | |
| Classification number | 828 CAP |
| 100 ## - MAIN ENTRY--PERSONAL NAME | |
| Personal name | CAPRA FRITJOF |
| 245 ## - TITLE STATEMENT | |
| Title | WEB OF LIFE A NEW SYNTHESIS OF MIND AND |
| 260 ## - PUBLICATION, DISTRIBUTION, ETC. | |
| Date of publication, distribution, etc. | 1997 |
| Place of publication, distribution, etc. | New Delhi |
| Name of publisher, distributor, etc. | HarperCollins |
| 300 ## - PHYSICAL DESCRIPTION | |
| Extent | xv, : 320 : p. : cm. ; 20 |
| 365 ## - TRADE PRICE | |
| Currency code | RS |
| Price amount | 25 |
| Withdrawn status | Lost status | Damaged status | Not for loan | Home library | Current library | Shelving location | Date acquired | Source of acquisition | Cost, normal purchase price | Total Checkouts | Full call number | Barcode | Date last seen | Date last checked out | Copy number | Price effective from | Koha item type |
|---|---|---|---|---|---|---|---|---|---|---|---|---|---|---|---|---|---|
| IMTN | IMTN | Rack 42-A | 05/02/2012 | IBH | 399.00 | 1 | 828 CAP | 18749 | 10/16/2025 | 10/07/2025 | 1 | 06/24/2024 | Books |